[Event "Chigorin Memorial Blitz 30th"]
[Site "St Petersburg"]
[Date "2023.10.20"]
[Round "4"]
[White "Moiseenko, Vadim"]
[Black "Kataev, Aleksandr"]
[Result "1-0"]
[WhiteElo "2529"]
[BlackElo "2229"]
[PlyCount "61"]
[EventDate "2023.10.20"]
[EventType "swiss (blitz)"]
[EventRounds "11"]
[EventCountry "RUS"]
[SourceTitle "Mega2024 Update 01"]
[Source "Chessbase"]
[SourceDate "2023.11.12"]
[SourceVersion "1"]
[SourceVersionDate "2023.11.12"]
[SourceQuality "1"]

1. Nf3 Nf6 2. c4 e6 3. Nc3 d5 4. e3 Nbd7 5. b3 b6 6. cxd5 exd5 7. Bb2 Bb7 8. Qc2 c6 9. Ne2 Bd6 10. Ng3 Rg8 11. Nf5 Bc7 12. Be2 Nf8 13. Rc1 Rc8 14. 0-0 Ne6 15. Ne5 Bb8 16. f4 Ne4 17. Ba3 Nd6 18. Nxd6+ Bxd6 19. Qxh7 Kf8 20. Qf5 Rc7 21. Bh5 g6 22. Bxd6+ Qxd6 23. Nxg6+ Rxg6 24. Bxg6 Ng7 25. Qe5 Qxg6 26. Qxc7 Ba6 27. Qxc6 Qe4 28. Qa8+ Ne8 29. Qxa7 Be2 30. Qxb6 Qd3 31. Qd4 1-0

[Event "Moscow op-A 19th"]
[Site "Moscow"]
[Date "2023.07.21"]
[Round "6"]
[White "Kataev, Aleksandr"]
[Black "Teiitbaev, Aktilek"]
[Result "0-1"]
[WhiteElo "2264"]
[BlackElo "2049"]
[PlyCount "92"]
[EventDate "2023.07.17"]
[EventType "swiss"]
[EventRounds "9"]
[EventCountry "RUS"]
[SourceTitle "CBM 215 Extra"]
[Source "ChessBase"]
[SourceDate "2023.09.30"]
[SourceVersion "1"]
[SourceVersionDate "2023.09.30"]
[SourceQuality "1"]

1. d4 Nf6 2. c4 g6 3. Nc3 d5 4. cxd5 Nxd5 5. e4 Nxc3 6. bxc3 Bg7 7. Nf3 c5 8. h3 Nc6 9. Be3 Qa5 10. Bd2 0-0 11. Be2 e5 12. d5 Nd8 13. c4 Qc7 14. h4 h5 15. Rc1 f6 16. Nh2 Nf7 17. Rg1 Nd6 18. g4 hxg4 19. Nxg4 Nxe4 20. Nh6+ Bxh6 21. Bxh6 Qa5+ 22. Kf1 Bh3+ 23. Rg2 Rf7 24. Bd3 Bxg2+ 25. Kxg2 Rh7 26. Bxe4 Rxh6 27. Qg4 Kh8 28. Qe6 Rf8 29. d6 Rxh4 30. Rd1 Qa4 31. Qe7 Qe8 32. Kf3 Rh3+ 33. Ke2 f5 34. Bxb7 Rh7 35. Qxe8 Rxe8 36. d7 Rd8 37. Bc8 Rh4 38. Rd6 Kg7 39. Ra6 Rxc4 40. Rxa7 Kf6 41. a4 e4 42. a5 Rc2+ 43. Kf1 f4 44. Rb7 Rh8 45. Rb1 f3 46. Kg1 e3 0-1

[Event "RUS-ch Higher League 76th"]
[Site "Novokuznetsk"]
[Date "2023.07.02"]
[Round "6"]
[White "Belozerov, Andrei"]
[Black "Kataev, Aleksandr"]
[Result "0-1"]
[WhiteElo "2453"]
[BlackElo "2264"]
[PlyCount "80"]
[EventDate "2023.06.26"]
[EventType "swiss"]
[EventRounds "9"]
[EventCountry "RUS"]
[SourceTitle "EXT 2024"]
[Source "ChessBase"]
[SourceDate "2023.10.10"]
[SourceVersion "1"]
[SourceVersionDate "2023.10.10"]
[SourceQuality "1"]

1. e4 c5 2. Nc3 e6 3. Nf3 a6 4. g3 b5 5. Bg2 Bb7 6. d3 Nf6 7. 0-0 d6 8. Ng5 h6 9. Nh3 d5 10. exd5 Nxd5 11. Re1 Nxc3 12. bxc3 Bxg2 13. Kxg2 Be7 14. a4 Nd7 15. Rb1 b4 16. Bb2 Nf6 17. Nf4 Qa5 18. cxb4 cxb4 19. Bxf6 Bxf6 20. Re4 Be7 21. d4 0-0 22. d5 e5 23. Rxe5 Bd6 24. Re4 Qxa4 25. Nh5 f6 26. Re6 Qd7 27. Qg4 Rf7 28. Rbe1 Be5 29. Qe4 Rd8 30. f4 Bc3 31. Rd1 f5 32. Qf3 a5 33. g4 fxg4 34. Qxg4 a4 35. Ng3 a3 36. Ne4 Bb2 37. f5 a2 38. Rd6 Qc8 39. Rc6 Qxf5 40. Qxf5 Rxf5 0-1

[Event "Chigorin Memorial 29th"]
[Site "St Petersburg"]
[Date "2022.10.28"]
[Round "7"]
[White "Shinkarev, Artem"]
[Black "Kataev, Aleksandr"]
[Result "1/2-1/2"]
[WhiteElo "1987"]
[BlackElo "2164"]
[PlyCount "113"]
[EventDate "2022.10.22"]
[EventType "swiss"]
[EventRounds "9"]
[EventCountry "RUS"]
[SourceTitle "EXT 2024"]
[Source "ChessBase"]
[SourceDate "2023.10.10"]
[SourceVersion "1"]
[SourceVersionDate "2023.10.10"]
[SourceQuality "1"]

1. d4 Nf6 2. Nf3 e6 3. c4 Bb4+ 4. Nc3 0-0 5. e3 Bxc3+ 6. bxc3 d6 7. Bd3 Re8 8. 0-0 e5 9. Nd2 e4 10. Bc2 Bf5 11. f3 Bg6 12. f4 Qc8 13. h3 h5 14. Ba4 Rd8 15. Rf2 c5 16. Nf1 d5 17. cxd5 c4 18. Bd2 Rxd5 19. Be1 b5 20. Bc2 Nc6 21. Re2 Rd6 22. a4 a6 23. Qb1 Rb8 24. f5 Qxf5 25. Bg3 Rdd8 26. Bxb8 Rxb8 27. axb5 axb5 28. Ra6 Qd5 29. Qa1 Kh7 30. Qa3 b4 31. cxb4 Nxb4 32. Ra5 Qe6 33. Re5 Qd7 34. Rc5 Nfd5 35. Qa4 Qxa4 36. Bxa4 Nc3 37. Rd2 Nxa4 38. Rxc4 f5 39. d5 Be8 40. Rdd4 Nxd5 41. Rxd5 Bf7 42. Rcd4 Bxd5 43. Rxd5 g6 44. g4 fxg4 45. hxg4 h4 46. Kh2 Rb1 47. Nd2 Re1 48. Nxe4 Re2+ 49. Kg1 Rxe3 50. Nf6+ Kg7 51. g5 Nb6 52. Rc5 Kf7 53. Rc6 Re6 54. Rc7+ Re7 55. Rxe7+ Kxe7 56. Kh2 Nd7 57. Ng8+ 1/2-1/2

[Event "Chigorin Memorial 29th"]
[Site "St Petersburg"]
[Date "2022.10.26"]
[Round "5"]
[White "Kataev, Aleksandr"]
[Black "Yanchenko, Roman"]
[Result "1/2-1/2"]
[WhiteElo "2164"]
[BlackElo "2467"]
[PlyCount "82"]
[EventDate "2022.10.22"]
[EventType "swiss"]
[EventRounds "9"]
[EventCountry "RUS"]
[SourceTitle "EXT 2024"]
[Source "ChessBase"]
[SourceDate "2023.10.10"]
[SourceVersion "1"]
[SourceVersionDate "2023.10.10"]
[SourceQuality "1"]

1. d4 d5 2. c4 c6 3. Nf3 Nf6 4. e3 Bf5 5. Nc3 e6 6. Nh4 Be4 7. f3 Bg6 8. Qb3 Qb6 9. Nxg6 hxg6 10. Bd2 Nbd7 11. Kf2 Bd6 12. g3 dxc4 13. Bxc4 Qxb3 14. Bxb3 e5 15. d5 cxd5 16. Nxd5 e4 17. f4 Nc5 18. Bc3 Nxb3 19. Nxf6+ gxf6 20. axb3 Rh5 21. Bxf6 Rf5 22. Bc3 Rb5 23. Rhd1 Be7 24. Rd4 f5 25. b4 a6 26. Ra5 Rd8 27. Rxb5 axb5 28. Rxd8+ Bxd8 29. Kg2 Kf7 30. g4 Bb6 31. Bd2 Bd8 32. Kg3 Ke6 33. h4 Bb6 34. Kh3 Kf6 35. Bc3+ Kf7 36. Bd2 Kf6 37. Kg3 Ke6 38. b3 Bd8 39. Bc3 Be7 40. g5 Kf7 41. Kf2 Bd6 1/2-1/2

[Event "Murmansk ChessMates 4th"]
[Site "Murmansk"]
[Date "2020.03.14"]
[Round "4.1"]
[White "Kataev, Aleksandr"]
[Black "Myskovski, Deniss"]
[Result "1-0"]
[WhiteElo "1978"]
[BlackElo "1205"]
[PlyCount "39"]
[EventDate "2020.03.13"]
[EventType "team-tourn"]
[EventRounds "5"]
[EventCountry "RUS"]
[SourceTitle "CBM 195 Extra"]
[Source "ChessBase"]
[SourceDate "2020.05.31"]
[SourceVersion "1"]
[SourceVersionDate "2020.05.31"]
[SourceQuality "1"]
[WhiteTeam "Murmansk CF"]
[BlackTeam "Estonia Maletaht"]
[WhiteTeamCountry "RUS"]
[BlackTeamCountry "EST"]

1. d4 d5 2. Nf3 Nc6 3. c4 Bg4 4. Nc3 dxc4 5. d5 Bxf3 6. gxf3 Ne5 7. f4 Nd7 8. e4 Nb6 9. Be3 Qd7 10. a4 e6 11. a5 Nc8 12. dxe6 Qxe6 13. Nd5 Qd7 14. Bxc4 Nge7 15. a6 b6 16. Rc1 Nd6 17. Nxc7+ Kd8 18. Nxa8 Nxc4 19. Rxc4 Nc6 20. Rxc6 1-0

[Event "Murmansk ChessMates 4th"]
[Site "Murmansk"]
[Date "2020.03.13"]
[Round "1.2"]
[White "Kataev, Aleksandr"]
[Black "Solovyev, Vladislav B"]
[Result "1-0"]
[WhiteElo "1978"]
[BlackElo "1410"]
[PlyCount "45"]
[EventDate "2020.03.13"]
[EventType "team-tourn"]
[EventRounds "5"]
[EventCountry "RUS"]
[SourceTitle "CBM 195 Extra"]
[Source "ChessBase"]
[SourceDate "2020.05.31"]
[SourceVersion "1"]
[SourceVersionDate "2020.05.31"]
[SourceQuality "1"]
[WhiteTeam "Murmansk CF"]
[BlackTeam "Ireland Youth"]
[WhiteTeamCountry "RUS"]
[BlackTeamCountry "IRL"]

1. d4 d5 2. Nf3 Nf6 3. e3 Bf5 4. Bd3 Bxd3 5. cxd3 e6 6. Nc3 c5 7. dxc5 Bxc5 8. 0-0 0-0 9. b3 Nc6 10. Bb2 Re8 11. d4 Bd6 12. Qd3 e5 13. dxe5 Nxe5 14. Qe2 Qe7 15. Rad1 Rad8 16. Nxd5 Nxd5 17. Rxd5 Ng6 18. Qd2 Qe6 19. Rd1 Bb4 20. Qd4 Qf6 21. Rxd8 Rxd8 22. Qxd8+ Qxd8 23. Rxd8+ 1-0

[Event "Pardubice Czech op-A 30th"]
[Site "Pardubice"]
[Date "2019.07.23"]
[Round "5"]
[White "Mladek, Richard"]
[Black "Kataev, Aleksandr"]
[Result "1-0"]
[WhiteElo "2253"]
[BlackElo "1913"]
[PlyCount "79"]
[EventDate "2019.07.19"]
[EventType "swiss"]
[EventRounds "9"]
[EventCountry "CZE"]
[SourceTitle "CBM 191"]
[Source "ChessBase"]
[SourceDate "2019.08.31"]
[SourceVersion "1"]
[SourceVersionDate "2019.08.31"]
[SourceQuality "1"]

1. e4 c5 2. Nf3 Nc6 3. d4 cxd4 4. Nxd4 e5 5. Nb5 d6 6. N1c3 a6 7. Na3 Nf6 8. Bg5 Be7 9. Bxf6 Bxf6 10. Nc4 Nd4 11. Nd5 b5 12. Nce3 Bg5 13. c3 Ne6 14. g3 0-0 15. Bg2 Rb8 16. Nf5 Nc5 17. h4 Bxf5 18. exf5 Bh6 19. 0-0 f6 20. b4 Na4 21. Qb3 Kh8 22. Rfd1 Nb6 23. Nxb6 Qxb6 24. Rd3 Qc7 25. Rad1 Rfd8 26. Be4 Rb6 27. a4 bxa4 28. Qxa4 Qc4 29. Qa5 Qb5 30. Rd5 Qxa5 31. bxa5 Rc6 32. R5d3 Rc5 33. Rxd6 Rxd6 34. Rxd6 Kg8 35. Rxa6 Bd2 36. Ra8+ Kf7 37. a6 Bxc3 38. a7 Ra5 39. Bd5+ Ke7 40. Rg8 1-0

[Event "Pardubice Czech op-A 30th"]
[Site "Pardubice"]
[Date "2019.07.22"]
[Round "4"]
[White "Kataev, Aleksandr"]
[Black "Cerveny, Petr"]
[Result "0-1"]
[WhiteElo "1913"]
[BlackElo "2333"]
[PlyCount "78"]
[EventDate "2019.07.19"]
[EventType "swiss"]
[EventRounds "9"]
[EventCountry "CZE"]
[SourceTitle "CBM 191"]
[Source "ChessBase"]
[SourceDate "2019.08.31"]
[SourceVersion "1"]
[SourceVersionDate "2019.08.31"]
[SourceQuality "1"]

1. d4 d6 2. c4 e5 3. Nf3 e4 4. Nfd2 f5 5. e3 Nf6 6. Be2 g6 7. Nc3 Bg7 8. 0-0 0-0 9. b4 Be6 10. Bb2 Nbd7 11. Nb3 Bf7 12. Na5 Rb8 13. f4 d5 14. c5 c6 15. Qd2 Kh8 16. a4 Rg8 17. Nd1 Nf8 18. b5 Be8 19. Bc3 Bh6 20. Kh1 Ne6 21. g3 Bd7 22. Rb1 Qc7 23. b6 axb6 24. cxb6 Qd8 25. Rb2 Bc8 26. Nf2 Ra8 27. Rfb1 g5 28. Qc2 gxf4 29. exf4 Qe8 30. Nb3 Rxa4 31. Na5 Ra3 32. Bb4 Rxa5 33. Bxa5 Nxf4 34. gxf4 Qg6 35. Bf3 exf3 36. Nd3 Ne4 37. Qd1 f2 38. Qf1 Qh5 39. Rxf2 Ng3+ 0-1

[Event "Paris ChessMates 3rd"]
[Site "Paris"]
[Date "2019.03.30"]
[Round "3.2"]
[White "Tombolis, Christopher"]
[Black "Kataev, Aleksandr"]
[Result "1-0"]
[WhiteElo "1931"]
[BlackElo "1912"]
[PlyCount "99"]
[EventDate "2019.03.29"]
[EventType "team-tourn"]
[EventRounds "5"]
[EventCountry "FRA"]
[SourceTitle "CBM 189 Extra"]
[Source "ChessBase"]
[SourceDate "2019.06.03"]
[SourceVersion "1"]
[SourceVersionDate "2019.06.03"]
[SourceQuality "1"]
[WhiteTeam "England"]
[BlackTeam "Murmansk Region"]
[WhiteTeamCountry "ENG"]
[BlackTeamCountry "RUS"]

1. d4 Nf6 2. c4 g6 3. Nc3 Bg7 4. Nf3 d6 5. g3 0-0 6. Bg2 Nc6 7. 0-0 e5 8. dxe5 dxe5 9. Bg5 Be6 10. Nd2 Qc8 11. Bxf6 Bxf6 12. Nd5 Bg7 13. Qa4 Kh8 14. e3 Nd8 15. Ne4 f5 16. Ng5 Bd7 17. Qb3 c6 18. Nc3 h6 19. Nf3 Ne6 20. Rfd1 Bf6 21. Qa3 e4 22. Ne1 Rf7 23. Rd2 Be7 24. b4 a5 25. Qb2 Bf6 26. Rad1 Qc7 27. a3 Nf8 28. Qc1 Be6 29. Ne2 axb4 30. axb4 Ra4 31. Nd4 Rxb4 32. Nxe6 Nxe6 33. Rd6 Re7 34. Qa3 Rxc4 35. Qa2 b5 36. Bf1 Be5 37. Bxc4 bxc4 38. Qa8+ Kg7 39. Rxc6 Qb8 40. Qxb8 Bxb8 41. Rxc4 Be5 42. Nc2 Ng5 43. Kg2 h5 44. h4 Nf7 45. Nd4 Rb7 46. Ne6+ Kh6 47. Rc6 Bf6 48. Nf4 Kg7 49. Ne6+ Kh6 50. Nc5 1-0

[Event "Rotterdam Basamro 5th"]
[Site "Rotterdam"]
[Date "2017.09.24"]
[Round "2.1"]
[White "Kataev, Aleksandr"]
[Black "Van Foreest, Machteld"]
[Result "0-1"]
[WhiteElo "1916"]
[BlackElo "1877"]
[PlyCount "68"]
[EventDate "2017.09.23"]
[EventType "team-tourn"]
[EventRounds "3"]
[EventCountry "NED"]
[SourceTitle "CBM 180 Extra"]
[Source "ChessBase"]
[SourceDate "2017.10.06"]
[SourceVersion "1"]
[SourceVersionDate "2017.10.06"]
[SourceQuality "1"]
[WhiteTeam "Murmansk Region"]
[BlackTeam "Rotterdam"]
[WhiteTeamCountry "RUS"]
[BlackTeamCountry "NED"]

1. d4 d5 2. Nf3 Nf6 3. c4 c6 4. e3 e6 5. Bd3 Nbd7 6. b3 Be7 7. 0-0 0-0 8. Nc3 b6 9. Bb2 Bb7 10. Ne5 c5 11. cxd5 cxd4 12. Nxd7 dxc3 13. Nxf6+ Bxf6 14. Ba3 Re8 15. dxe6 Rxe6 16. Qc2 Qd5 17. e4 Qd4 18. e5 Bxe5 19. Bc1 Bxg2 20. Kxg2 Qg4+ 21. Kh1 Qf3+ 22. Kg1 Kh8 23. Bf5 Rf6 24. Be4 Qg4+ 25. Kh1 Qh3 26. Bf4 Bxf4 27. f3 Rh6 28. Rf2 Rd8 29. Rd1 Rd2 30. Rdxd2 cxd2 31. Bf5 Qxf5 32. Rxd2 g6 33. Qc3+ Be5 34. Qe3 Qb1+ 0-1

[Event "Murmansk Basamro U16 4th"]
[Site "Murmansk"]
[Date "2016.10.07"]
[Round "2.2"]
[White "Catalan, Ciro"]
[Black "Kataev, Aleksandr"]
[Result "0-1"]
[WhiteElo "1508"]
[BlackElo "1793"]
[PlyCount "112"]
[EventDate "2016.10.06"]
[EventType "team-tourn"]
[EventRounds "5"]
[EventCountry "RUS"]
[SourceTitle "EXT 2017"]
[Source "ChessBase"]
[SourceDate "2016.10.25"]
[SourceVersion "1"]
[SourceVersionDate "2016.10.25"]
[SourceQuality "1"]
[WhiteTeam "Rotterdam"]
[BlackTeam "Murmansk Region"]
[WhiteTeamCountry "NED"]
[BlackTeamCountry "RUS"]

1. d4 Nf6 2. c4 g6 3. Nc3 Bg7 4. e4 d6 5. f3 0-0 6. Be3 e5 7. d5 Nh5 8. Qd2 f5 9. 0-0-0 Bd7 10. Bd3 a6 11. Kb1 Rf7 12. Be2 f4 13. Bf2 Bf8 14. g3 Kh8 15. g4 Ng7 16. h4 h6 17. Nh3 Ne8 18. g5 h5 19. Bf1 c5 20. Bd3 Nc7 21. Ng1 b5 22. b3 Qe8 23. Rc1 b4 24. Nd1 a5 25. Kc2 a4 26. Nb2 Qc8 27. Be2 axb3+ 28. axb3 Ra3 29. Rb1 Qa6 30. Bd3 Na8 31. Ne2 Be8 32. Nc1 Nb6 33. Kd1 Qa8 34. Ke2 Rfa7 35. Kf1 Ra1 36. Rxa1 Rxa1 37. Kg2 Be7 38. Kh2 N8d7 39. Kg2 Qd8 40. Rg1 Nf8 41. Kh2 Bd7 42. Rg2 Nh7 43. Kh1 Bh3 44. Rg1 Kg7 45. Kh2 Qc8 46. Kh1 Qd8 47. Kh2 Bc8 48. Kh1 Ra7 49. Kh2 Bxg5 50. hxg5 Nxg5 51. Be2 Nh3 52. Rg2 g5 53. Bh4 Kh6 54. Bf2 Rg7 55. Qd1 g4 56. fxg4 hxg4 0-1

[Event "EU School-ch U11"]
[Site "Kallithea"]
[Date "2016.06.19"]
[Round "3"]
[White "Kataev, Aleksandr"]
[Black "Dardha, Daniel"]
[Result "0-1"]
[WhiteElo "1803"]
[BlackElo "2067"]
[PlyCount "70"]
[EventDate "2016.06.17"]
[EventType "swiss"]
[EventRounds "9"]
[EventCountry "GRE"]
[SourceTitle "EXT 2017"]
[Source "ChessBase"]
[SourceDate "2016.10.25"]
[SourceVersion "1"]
[SourceVersionDate "2016.10.25"]
[SourceQuality "1"]

1. d4 Nf6 2. c4 e6 3. Nf3 d5 4. Bg5 Be7 5. e3 Nbd7 6. Nc3 0-0 7. Bd3 h6 8. Bf4 a6 9. 0-0 dxc4 10. Bxc4 b5 11. Bd3 Bb7 12. Qe2 c5 13. Bg3 Nh5 14. Be5 Nxe5 15. Nxe5 cxd4 16. Qxh5 dxc3 17. Rad1 Qb6 18. Nd7 Qc6 19. f3 c2 20. Bxc2 Qxc2 21. Nxf8 Kxf8 22. Rc1 Qf5 23. Qxf5 exf5 24. Rc7 Bd5 25. Rfc1 g6 26. b3 Be6 27. Kf2 a5 28. Rb7 b4 29. Rcc7 Bd6 30. Ra7 Bxc7 31. Rxa8+ Ke7 32. Ke2 Kd7 33. Ra6 Bd5 34. g4 Bb7 35. Ra7 Kc6 0-1